000 00227nam a2200097Ia 4500
001 807725
005 20250826171236.0
008 250824s9999 xx 000 0 und d
245 0 _aKABUS
_cALEV ALATLI
260 _bEVEREST YAYINLARI
999 _c807725
_d807725